[Event "25th Czech Rapid G1 2014"]
[Site "Pardubice CZE"]
[Date "2014.07.17"]
[Round "5.11"]
[White "Neuman, Petr"]
[Black "Ekdyshman, Mikhail"]
[Result "0-1"]
[WhiteTitle "GM"]
[BlackTitle "IM"]
[WhiteElo "2488"]
[BlackElo "2369"]
[WhiteFideId "305243"]
[BlackFideId "4149416"]
[EventDate "2014.07.16"]

1. d4 d5 2. c4 Nc6 3. Nc3 Nf6 4. Nf3 e6 5. Bg5 Be7 6. e3 O-O 7. Bd3 h6 8. Bh4 a6
9. cxd5 exd5 10. O-O Bg4 11. h3 Bh5 12. Rc1 Re8 13. Bxf6 Bxf6 14. g4 Bg6 15.
Bxg6 fxg6 16. Qb3 Ne7 17. Qxb7 Qd6 18. Qb3 Rab8 19. Qc2 c5 20. dxc5 Qxc5 21.
Rfd1 Qb6 22. Na4 Qe6 23. Nd4 Qf7 24. Nc3 Rf8 25. Qe2 Bh4 26. Rf1 Bf6 27. Rcd1
Rb4 28. a3 Rb6 29. Rd2 g5 30. Rfd1 Be5 31. Qf1 Rf6 32. Qg2 Bxd4 33. exd4 Rf3 34.
Re1 Ng6 35. Qh2 Nf4 36. Re3 Nxh3+ 37. Qxh3 Rxh3 38. Rxh3 Qf4 39. Re2 Qxg4+ 40.
Rg3 Qxd4 41. Kg2 Qc4 42. Rd2 d4 43. Ne2 Qc6+ 44. Kg1 Re8 45. Rgd3 Re4 46. f3 Re3
47. Nxd4 Rxd3 48. Rxd3 Qc1+ 49. Kf2 Qxb2+ 50. Ke3 h5 51. Ke4 h4 52. Rb3 Qh2 0-1

[Event "25th Czech Rapid G1 2014"]
[Site "Pardubice CZE"]
[Date "2014.07.17"]
[Round "5.12"]
[White "Zubritskiy, Artyom"]
[Black "Jansa, Vlastimil"]
[Result "1-0"]
[BlackTitle "GM"]
[WhiteElo "2335"]
[BlackElo "2453"]
[WhiteFideId "4181247"]
[BlackFideId "300128"]
[EventDate "2014.07.16"]

1. d4 Nf6 2. c4 g6 3. g3 d5 4. cxd5 Nxd5 5. Bg2 Bg7 6. Nf3 Nb6 7. O-O Nc6 8. e3
e5 9. Nxe5 Nxe5 10. dxe5 Qxd1 11. Rxd1 Bxe5 12. Nc3 c6 13. Rb1 O-O 14. Bd2 Bg4
15. f3 Be6 16. b3 Rfd8 17. Be1 a5 18. Rxd8+ Rxd8 19. Ne4 Ra8 20. f4 Bg7 21. Nc5
Bc8 22. Rd1 Bf6 23. e4 a4 24. Bf2 axb3 25. axb3 Bg4 26. Rc1 Rb8 27. h3 Bc8 28.
Rd1 Kf8 29. g4 Ke8 30. e5 Be7 31. Kh2 Ra8 32. Nxb7 Bxb7 33. Bxb6 Ra2 34. Kg3 h5
35. gxh5 gxh5 36. Bf3 h4+ 37. Kg4 Ra6 38. Bf2 Ra3 39. Rd3 Ba6 40. Bxc6+ Kf8 41.
Rc3 Bb4 42. Bc5+ Bxc5 43. Rxc5 Rxb3 44. Bd5 Bf1 45. Bxb3 1-0

[Event "25th Czech Rapid G1 2014"]
[Site "Pardubice CZE"]
[Date "2014.07.17"]
[Round "5.13"]
[White "Gordievsky, Dmitry"]
[Black "Pribyl, Josef"]
[Result "1-0"]
[WhiteTitle "FM"]
[BlackTitle "IM"]
[WhiteElo "2439"]
[BlackElo "2269"]
[WhiteFideId "24112798"]
[BlackFideId "300187"]
[EventDate "2014.07.16"]

1. d4 Nf6 2. Nf3 g6 3. Bg5 Bg7 4. Nbd2 d5 5. e3 c5 6. c3 Ne4 7. Nxe4 dxe4 8. Nd2
cxd4 9. exd4 f5 10. Bc4 Nc6 11. O-O Qd6 12. f3 h6 13. Be3 exf3 14. Nxf3 Bd7 15.
b4 a6 16. a4 Rc8 17. Bb3 e6 18. d5 exd5 19. Bc5 Qc7 20. Qxd5 Bxc3 21. a5 Qf4 22.
Rad1 Rc7 23. g3 Qe4 24. Rfe1 Bxe1 25. Rxe1 Qxe1+ 26. Nxe1 Kd8 27. Bb6 Re8 28.
Nd3 1-0

[Event "25th Czech Rapid G1 2014"]
[Site "Pardubice CZE"]
[Date "2014.07.17"]
[Round "5.14"]
[White "Potapov, Alexander1"]
[Black "Jacko, Vladimir2"]
[Result "1-0"]
[WhiteTitle "GM"]
[BlackTitle "FM"]
[WhiteElo "2399"]
[BlackElo "2296"]
[WhiteFideId "4115074"]
[BlackFideId "14915928"]
[EventDate "2014.07.16"]

1. d4 Nf6 2. c4 g6 3. Nc3 Bg7 4. e4 d6 5. h3 O-O 6. Bg5 c5 7. d5 e6 8. Bd3 exd5
9. exd5 Nbd7 10. f4 a6 11. a4 Qb6 12. Qc2 Nh5 13. Nge2 f5 14. g4 fxg4 15. hxg4
Nhf6 16. Rh4 Qb4 17. a5 b5 18. axb6 Rb8 19. Kf2 Rxb6 20. Na4 Rb8 21. Rah1 Qb3
22. Bxg6 Qxc2 23. Bxc2 h6 24. Bxf6 Nxf6 25. Rg1 Bd7 26. b3 Bxa4 27. bxa4 Rb2 28.
Bf5 Kf7 29. g5 hxg5 30. fxg5 Ne8 31. Ke3 Ke7 32. Rf1 Be5 33. Nf4 Rg8 34. Rh7+
Ng7 35. Nd3 Bd4+ 36. Kf3 Rd2 37. Nf4 Ke8 38. Rb1 Rb2 39. Rxb2 Bxb2 40. Kg4 Be5
41. Bg6+ Ke7 42. Nh5 Kd8 43. Nf6 Bxf6 44. gxf6 Ne8 45. Kf5 Nc7 46. f7 Rf8 47.
Kf6 a5 48. Bf5 Na8 49. Rg7 1-0

[Event "25th Czech Rapid G1 2014"]
[Site "Pardubice CZE"]
[Date "2014.07.17"]
[Round "5.15"]
[White "Kourousis, Epaminondas"]
[Black "Dolezal, Radoslav1"]
[Result "1/2-1/2"]
[BlackTitle "IM"]
[WhiteElo "2364"]
[BlackElo "2368"]
[WhiteFideId "4211626"]
[BlackFideId "304735"]
[EventDate "2014.07.16"]

1. Nf3 Nf6 2. d4 e6 3. c4 Bb4+ 4. Bd2 Qe7 5. g3 Bxd2+ 6. Qxd2 Ne4 7. Qc2 Qb4+ 8.
Nbd2 Nxd2 9. Nxd2 Nc6 10. e3 O-O 11. Bg2 Qe7 12. O-O d6 13. Rac1 Bd7 14. d5 Nd8
15. Nb3 c5 16. dxc6 Bxc6 17. Nd4 Bxg2 18. Kxg2 Nc6 19. Rfd1 Rac8 20. Qa4 a6 21.
Nxc6 Rxc6 22. Qa3 Qc7 23. Rc3 h5 24. Rcd3 Rxc4 25. Qxd6 Rc8 1/2-1/2

[Event "25th Czech Rapid G1 2014"]
[Site "Pardubice CZE"]
[Date "2014.07.17"]
[Round "5.16"]
[White "Sergeev, Vladimir"]
[Black "Tarakanov, Oleg"]
[Result "1-0"]
[WhiteTitle "GM"]
[WhiteElo "2447"]
[BlackElo "2161"]
[WhiteFideId "14101076"]
[BlackFideId "4500610"]
[EventDate "2014.07.16"]

1. Nf3 Nf6 2. d4 d5 3. c4 c6 4. e3 Bf5 5. Nc3 e6 6. Nh4 Bg6 7. Nxg6 hxg6 8. g3
Bd6 9. Qb3 Qc7 10. Bd2 Ng4 11. Be2 Nf6 12. Rc1 Qb6 13. Qc2 Be7 14. O-O Nbd7 15.
b4 a6 16. Rb1 dxc4 17. Bxc4 Ng4 18. f3 Nxh2 19. Rf2 Qc7 20. Kg2 Bd6 21. Ne4 Nf6
22. Nxd6+ Qxd6 23. Rh1 O-O-O 24. Rxh2 Rxh2+ 25. Kxh2 g5 26. Kg2 Rh8 27. e4 Qxd4
28. Bxg5 Nd7 29. Rd2 Qe5 30. f4 Qc7 31. a4 Qb6 32. Qd3 Nb8 33. Qd4 Qc7 34. Qxg7
Re8 35. Bh4 b5 36. Be2 1-0

[Event "25th Czech Rapid G1 2014"]
[Site "Pardubice CZE"]
[Date "2014.07.17"]
[Round "5.17"]
[White "Petr, Martin"]
[Black "Satyapragyan, Swayangsu"]
[Result "1/2-1/2"]
[WhiteTitle "GM"]
[BlackTitle "IM"]
[WhiteElo "2540"]
[BlackElo "2393"]
[WhiteFideId "318299"]
[BlackFideId "5004306"]
[EventDate "2014.07.16"]

1. e4 e6 2. d4 d5 3. Nd2 Nf6 4. Bd3 c5 5. c3 Nc6 6. Ngf3 cxd4 7. cxd4 Nb4 8. Bb1
dxe4 9. Nxe4 Nbd5 10. O-O Be7 11. a3 O-O 12. Qd3 b6 13. Nxf6+ Nxf6 14. Bg5 g6
15. Ne5 Bb7 16. Ba2 Nd5 17. Bh6 Re8 18. Rac1 Bg5 19. Qf3 f5 20. Bxg5 Qxg5 21.
Nc6 Nf6 22. d5 exd5 23. Bxd5+ Kg7 24. Rcd1 Rac8 25. Qc3 Qf4 26. b4 b5 27. Rfe1
Qc7 28. Rxe8 Rxe8 29. Bf3 Rc8 30. Rc1 Qd6 31. g3 a6 32. Kg2 g5 33. Kg1 g4 34.
Bg2 f4 35. gxf4 Qxf4 36. Qc5 Rc7 37. Re1 Bxc6 38. Bxc6 Kg6 39. Re6 Kg7 40. Qc3
Qf5 41. Rd6 Re7 42. Kg2 1/2-1/2

[Event "25th Czech Rapid G1 2014"]
[Site "Pardubice CZE"]
[Date "2014.07.17"]
[Round "5.18"]
[White "Pisk, Petr"]
[Black "Chernyshov, Konstantin"]
[Result "1/2-1/2"]
[WhiteTitle "IM"]
[BlackTitle "GM"]
[WhiteElo "2390"]
[BlackElo "2508"]
[WhiteFideId "304689"]
[BlackFideId "4117328"]
[EventDate "2014.07.16"]

1. e4 e6 2. d4 d5 3. e5 c5 4. c3 Nc6 5. Nf3 Qb6 6. Bd3 Bd7 7. O-O cxd4 8. cxd4
Nb4 9. Be2 Bb5 10. Bxb5+ Qxb5 11. Nc3 Qb6 12. a3 Nc6 13. b4 Nge7 14. Be3 Nf5 15.
Qd3 Nxe3 16. fxe3 Be7 17. Rac1 O-O 18. Na4 Qd8 19. Nc5 Bxc5 20. Rxc5 a6 21. Rfc1
h6 22. e4 dxe4 23. Qxe4 Qe7 24. d5 exd5 25. Rxd5 Rad8 26. Rcd1 Rxd5 27. Rxd5 Re8
28. h3 Rd8 29. Rxd8+ Nxd8 30. Nd4 g6 31. Qd5 Kg7 32. a4 h5 33. b5 axb5 34. axb5
Qc7 35. Kf2 Kf8 36. Ke2 Ke7 37. h4 Ne6 38. Nxe6 fxe6 39. Qd4 Qc2+ 40. Ke3 Qb3+
41. Qd3 Qb4 42. Qxg6 Qe1+ 43. Kd4 Qxh4+ 44. Kc3 Qe1+ 45. Kb3 Qe3+ 46. Kb4 Qd2+
47. Kb3 Qd5+ 48. Kb4 Qd4+ 49. Kb3 Qxe5 50. Qh7+ Kd6 51. Qxb7 Qe3+ 52. Kc2 Qe2+
53. Kc3 Qe1+ 54. Kc2 Qf2+ 55. Kc3 Qe1+ 56. Kc2 Qe2+ 1/2-1/2

[Event "25th Czech Rapid G1 2014"]
[Site "Pardubice CZE"]
[Date "2014.07.17"]
[Round "5.19"]
[White "Shalimov, Valery"]
[Black "Yuffa, Daniil"]
[Result "1/2-1/2"]
[WhiteTitle "IM"]
[BlackTitle "IM"]
[WhiteElo "2412"]
[BlackElo "2447"]
[WhiteFideId "14104881"]
[BlackFideId "24131423"]
[EventDate "2014.07.16"]

1. d4 Nf6 2. Nf3 g6 3. Bg5 Bg7 4. c3 O-O 5. Nbd2 d6 6. e4 Nbd7 7. Be2 e5 8. dxe5
dxe5 9. O-O Qe8 10. Re1 h6 11. Bh4 Nh5 12. Nc4 Nf4 13. Bf1 b6 14. Qc2 Bb7 15. a4
a6 16. Nfd2 Nc5 17. b4 Nce6 18. f3 Ng5 19. Bf2 Rd8 20. Rad1 Qe7 21. a5 b5 22.
Bc5 Qe6 23. Ne3 Rfe8 24. Kh1 Qc8 25. c4 bxc4 26. Bxc4 Nfe6 27. Nb3 h5 28. Nd5
Bxd5 29. Bxd5 h4 30. Qf2 h3 31. g3 c6 32. Bc4 Qb7 33. Bb6 Rxd1 34. Rxd1 Bf8 35.
Nc5 Bxc5 36. bxc5 Nd4 37. f4 Nxe4 38. Qe3 Nd6 39. Bf1 N6f5 40. Qe4 Qb8 41. Re1
Re7 42. fxe5 Qc8 43. g4 Nh4 44. Qxd4 Nf3 45. Qd8+ Qxd8 46. Bxd8 Re8 47. Re3 Nd2
48. Bxa6 Rxd8 49. Rd3 Rb8 50. Kg1 Ne4 51. Rxh3 Rb1+ 52. Kg2 Rb2+ 53. Kf1 Ra2 54.
Re3 Nxc5 55. Bc4 Rxa5 56. Rf3 Ra7 57. Kg2 Kg7 58. h4 Re7 59. Re3 Nd7 60. e6 Nf8
61. g5 Nxe6 62. Kg3 Nd4 63. Rxe7 Nf5+ 64. Kf4 Nxe7 65. Ke5 Kf8 66. Bb3 Nc8 67.
Bd1 Ke7 68. h5 gxh5 69. Bxh5 Nb6 70. g6 Nd7+ 71. Kf5 Nf6 72. Bf3 fxg6+ 73. Kxg6
Nd5 74. Kf5 Kd6 75. Ke4 Kc5 76. Ke5 Kc4 77. Be2+ Kc3 78. Kd6 Nb4 79. Bf3 1/2-1/2

[Event "25th Czech Rapid G1 2014"]
[Site "Pardubice CZE"]
[Date "2014.07.17"]
[Round "5.20"]
[White "Vrana, Jan"]
[Black "Venkatesh, M.R."]
[Result "0-1"]
[WhiteTitle "FM"]
[BlackTitle "GM"]
[WhiteElo "2374"]
[BlackElo "2498"]
[WhiteFideId "322369"]
[BlackFideId "5005779"]
[EventDate "2014.07.16"]

1. e4 e5 2. f4 Bc5 3. Nf3 d6 4. Nc3 Nc6 5. Bb5 Bd7 6. d3 a6 7. Bxc6 Bxc6 8. Qe2
Qe7 9. Be3 exf4 10. Bxf4 Nf6 11. O-O-O O-O-O 12. Be3 Rhe8 13. Bxc5 dxc5 14. Qf2
Kb8 15. Rhe1 g6 16. h3 b6 17. Kb1 Nd7 18. g4 f6 19. a3 Ne5 20. Rf1 Rf8 21. Qg3
b5 22. Nxe5 fxe5 23. g5 b4 24. axb4 cxb4 25. Ne2 a5 26. Qe3 Kb7 27. Nc1 a4 28.
Rxf8 Rxf8 29. d4 exd4 30. Rxd4 Rf1 31. Qd2 b3 32. Rb4+ Kc8 33. Qd4 Rd1 34. Qc4
Be8 35. cxb3 Qd6 36. bxa4 Kd8 37. Rb8+ Ke7 38. Qb4 Bc6 39. e5 Qxb4 40. Rxb4 Ke6
41. Kc2 Rh1 42. Nd3 Kf5 43. Rf4+ Kxg5 44. e6 Rxh3 45. Rc4 Be8 46. Rxc7 Bxa4+ 47.
Kd2 h5 48. e7 Kf6 49. b4 Bb5 50. Nc5 Rh2+ 51. Kc3 Re2 52. Kd4 Kf5 53. Rb7 Be8
54. b5 h4 55. b6 h3 56. Ra7 h2 57. Ra1 Bc6 58. b7 Bxb7 59. Nxb7 Rxe7 60. Nd6+
Kg4 61. Ne4 Kf3 62. Ng5+ Kf2 63. Nh3+ Kg3 64. Ra3+ Kg2 65. Nf4+ Kf1 66. Rh3 g5
67. Rxh2 gxf4 68. Rh3 Kg2 69. Rh6 f3 70. Rg6+ Kf1 0-1

[Event "25th Czech Rapid G1 2014"]
[Site "Pardubice CZE"]
[Date "2014.07.17"]
[Round "5.21"]
[White "Novotny, Michal"]
[Black "Bochkarev, Alexander"]
[Result "0-1"]
[WhiteTitle "FM"]
[BlackTitle "FM"]
[WhiteElo "2354"]
[BlackElo "2438"]
[WhiteFideId "310980"]
[BlackFideId "4140230"]
[EventDate "2014.07.16"]

1. e4 e5 2. Nf3 Nc6 3. Bc4 Bc5 4. c3 Qf6 5. b4 Bb6 6. a4 a6 7. d3 h6 8. Be3 Nge7
9. Bxb6 cxb6 10. O-O Ng6 11. Qd2 O-O 12. Qe3 d6 13. Qxb6 Nf4 14. Qe3 Bh3 15. Ne1
Qg5 16. Qf3 Bg4 17. Qe3 Be2 18. Ra2 Bxf1 19. Kxf1 Qh5 20. Nf3 Qg4 21. Ne1 Rfd8
22. f3 Qg6 23. g3 Ne6 24. f4 Qh5 25. Rf2 Rd7 26. Nd2 Re8 27. f5 Nc7 28. f6 d5
29. exd5 Qh3+ 30. Kg1 Nxd5 31. Bxd5 Rxd5 32. fxg7 f5 33. Qf3 Ne7 34. c4 Rd7 35.
Ne4 Kxg7 36. Nc5 Rd6 37. Nxb7 Rg6 38. Nc5 f4 39. Rg2 Qf5 40. b5 axb5 41. axb5
Rf8 42. gxf4 exf4 43. Qe4 Qxc5+ 44. Kf1 Rxg2 45. Nxg2 Ng6 46. h4 h5 47. Ke1 f3
48. Ne3 f2+ 49. Kf1 Qb4 50. Nd1 Qc5 51. Qe2 Qd4 52. Qb2 Qxb2 53. Nxb2 Ne5 54.
Nd1 Nxd3 55. b6 Rf6 56. b7 Rb6 57. Nxf2 Nxf2 0-1

[Event "25th Czech Rapid G1 2014"]
[Site "Pardubice CZE"]
[Date "2014.07.17"]
[Round "5.22"]
[White "Golubov, Saveliy"]
[Black "Belyakov, Bogdan"]
[Result "1-0"]
[BlackTitle "IM"]
[WhiteElo "2339"]
[BlackElo "2456"]
[WhiteFideId "24176729"]
[BlackFideId "24104795"]
[EventDate "2014.07.16"]

1. e4 e5 2. Nf3 Nc6 3. Bb5 Nf6 4. d3 Bc5 5. O-O d6 6. c3 O-O 7. h3 a6 8. Ba4 Ba7
9. Re1 Ne7 10. Nbd2 Ng6 11. Nf1 Nh5 12. Be3 Nhf4 13. d4 Qf6 14. Kh2 c5 15. d5 c4
16. Bc2 Bxe3 17. fxe3 Nd3 18. Bxd3 cxd3 19. Qxd3 Ne7 20. Ng3 g6 21. Rf1 Qg7 22.
c4 b6 23. b4 Bd7 24. Rac1 f5 25. exf5 gxf5 26. e4 f4 27. Ne2 Kh8 28. c5 Bb5 29.
Qd2 bxc5 30. bxc5 Rg8 31. Rf2 Nc8 32. c6 Nb6 33. Qb4 Qg6 34. Nh4 Qh5 35. Nf5 Rg6
36. Nxf4 Qg5 37. Qc3 Na4 38. Nxg6+ hxg6 39. Qe3 Qxe3 40. Nxe3 Nc5 41. c7 Kg7 42.
Ng4 Rc8 43. Rxc5 dxc5 44. d6 Bd7 45. Nxe5 Be6 46. Nc6 Bd7 47. Nb8 Be6 48. Rc2 c4
49. Nxa6 Kf6 50. Nc5 Ke5 51. Nxe6 Kxe6 52. e5 1-0

[Event "25th Czech Rapid G1 2014"]
[Site "Pardubice CZE"]
[Date "2014.07.17"]
[Round "5.23"]
[White "Zwardon, Vojtech"]
[Black "Reutsky, Sergei"]
[Result "0-1"]
[WhiteTitle "IM"]
[BlackTitle "IM"]
[WhiteElo "2399"]
[BlackElo "2387"]
[WhiteFideId "325511"]
[BlackFideId "4157419"]
[EventDate "2014.07.16"]

1. c4 c5 2. Nc3 Nc6 3. g3 g6 4. Bg2 Bg7 5. d3 d6 6. Rb1 e6 7. Bd2 Nge7 8. a3 d5
9. cxd5 exd5 10. b4 c4 11. dxc4 dxc4 12. Nf3 Nd5 13. Nxd5 Qxd5 14. O-O Bf5 15.
Be3 Qxd1 16. Rbxd1 Be4 17. b5 Na5 18. Bd4 O-O 19. Bxg7 Kxg7 20. Rd4 Rfe8 21. Nd2
Bxg2 22. Kxg2 Rac8 23. e3 c3 24. Ne4 Nb3 25. Rb4 c2 26. Rxb3 c1=Q 27. Rxc1 Rxc1
28. Nd6 Re7 29. Rb4 Rc2 30. a4 Rxe3 31. Nxb7 Ree2 32. Rf4 Red2 33. Na5 f5 34.
Nc6 Kf6 35. h4 h6 36. g4 Ra2 37. gxf5 g5 38. hxg5+ hxg5 39. Rf3 g4 40. Rf4 Kg5
41. Kg3 Ra3+ 42. f3 gxf3 43. Rxf3 Rxa4 44. Ne5 Raa2 45. Re3 Kxf5 46. Nf3 Rg2+
47. Kh4 Kf4 48. Rb3 Rg4+ 49. Kh5 Rg3 50. Nd4 Rh2# 0-1

[Event "25th Czech Rapid G1 2014"]
[Site "Pardubice CZE"]
[Date "2014.07.17"]
[Round "5.24"]
[White "Hnydiuk, Aleksander"]
[Black "Biolek, Richard Jr."]
[Result "0-1"]
[WhiteTitle "IM"]
[BlackTitle "IM"]
[WhiteElo "2375"]
[BlackElo "2429"]
[WhiteFideId "1109057"]
[BlackFideId "319996"]
[EventDate "2014.07.16"]

1. Nf3 Nc6 2. e4 e5 3. d4 exd4 4. Nxd4 Nf6 5. Nc3 Bb4 6. Nxc6 bxc6 7. Bd3 O-O 8.
O-O Re8 9. Bg5 h6 10. Bh4 Rb8 11. f4 Be7 12. e5 Nd5 13. Bxe7 Qxe7 14. Nxd5 cxd5
15. b3 d6 16. Qh5 dxe5 17. fxe5 Be6 18. Rf3 Rb4 19. Raf1 Rh4 0-1

[Event "25th Czech Rapid G1 2014"]
[Site "Pardubice CZE"]
[Date "2014.07.17"]
[Round "5.25"]
[White "Sundararajan, Kidambi"]
[Black "Kratochvil, Karel"]
[Result "1-0"]
[WhiteTitle "GM"]
[WhiteElo "2414"]
[BlackElo "2164"]
[WhiteFideId "5005370"]
[BlackFideId "325546"]
[EventDate "2014.07.16"]

1. d4 Nf6 2. Bg5 g6 3. Bxf6 exf6 4. g3 Bg7 5. Bg2 O-O 6. e3 f5 7. Ne2 c5 8. c3
d6 9. Nd2 Nc6 10. O-O g5 11. Nc4 Qf6 12. dxc5 dxc5 13. Qd6 Be6 14. Qxc5 Ne7 15.
Nd6 b6 16. Qb5 Rad8 17. Rfd1 Bd7 18. Qc4 Be6 19. Qb4 Nc8 20. Nxc8 Rxc8 21. Nd4
Rc4 22. Qa3 f4 23. exf4 gxf4 24. Qxa7 fxg3 25. hxg3 Bg4 26. Re1 Qh6 27. Re4 f5
28. Nxf5 Bxf5 29. Rxc4 Qf6 30. Rc6 Qg5 31. Qxb6 Be5 32. Re1 Bxg3 33. fxg3 Qxg3
34. Qe3 Qg4 35. Rc7 h5 36. Qd4 Qg6 37. Ree7 1-0

[Event "25th Czech Rapid G1 2014"]
[Site "Pardubice CZE"]
[Date "2014.07.17"]
[Round "5.26"]
[White "Musat, Adrian"]
[Black "Ageichenko, Genadi A"]
[Result "0-1"]
[WhiteTitle "FM"]
[BlackTitle "IM"]
[WhiteElo "2401"]
[BlackElo "2297"]
[WhiteFideId "1203452"]
[BlackFideId "4105222"]
[EventDate "2014.07.16"]

1. Nf3 Nf6 2. c4 e6 3. g3 b6 4. Bg2 Bb7 5. O-O Be7 6. d4 O-O 7. Nc3 Ne4 8. Bd2
f5 9. d5 Bf6 10. Rc1 Na6 11. Qc2 Nac5 12. Rfd1 Qe7 13. b4 Nxc3 14. Bxc3 Ne4 15.
Bxf6 Qxf6 16. e3 a5 17. a3 axb4 18. axb4 Ra3 19. dxe6 dxe6 20. Nd2 h6 21. Nxe4
fxe4 22. Rd7 Qe5 23. Qd2 Bc6 24. Rd4 Rfa8 25. Rd8+ Kh7 26. Rxa8 Bxa8 27. Bf1 Bc6
28. Qd4 Qf5 29. Ra1 e5 30. Qb2 Rd3 31. b5 Bb7 32. Ra7 Bc8 33. Bxd3 exd3 34. Rxc7
Be6 35. f4 Qe4 36. Qd2 Bxc4 37. Rd7 exf4 38. gxf4 Bd5 39. Rxd5 Qxd5 40. Kf2 Qxb5
41. e4 Qc5+ 42. Kf3 Qd4 43. f5 b5 44. Qg2 Qd6 45. Ke3 b4 46. Qd2 b3 47. Qb2 d2
48. Qxd2 Qb6+ 0-1

[Event "25th Czech Rapid G1 2014"]
[Site "Pardubice CZE"]
[Date "2014.07.17"]
[Round "5.27"]
[White "Westerberg, Jonathan"]
[Black "Pinter, Erik"]
[Result "1-0"]
[WhiteTitle "FM"]
[BlackTitle "IM"]
[WhiteElo "2412"]
[BlackElo "2354"]
[WhiteFideId "1701754"]
[BlackFideId "14902826"]
[EventDate "2014.07.16"]

1. e4 c5 2. Nc3 Nc6 3. f4 g6 4. Nf3 Bg7 5. Bb5 Nd4 6. O-O a6 7. Bd3 d6 8. Nxd4
Bxd4+ 9. Kh1 Nh6 10. Bc4 e6 11. d3 Qh4 12. Qe1 Qxe1 13. Rxe1 Ng4 14. h3 h5 15.
Ne2 Bf2 16. Rf1 Be3 17. Bb3 Bxc1 18. Raxc1 Nf6 19. Nc3 h4 20. e5 Nh5 21. Ne4 d5
22. Nd6+ Ke7 23. Kg1 Ng3 24. Rf2 Rd8 25. c4 d4 26. Bd1 Rxd6 27. exd6+ Kxd6 28.
a3 a5 29. b3 Bd7 30. Bf3 Bc6 31. Bxc6 bxc6 32. Rb2 Rb8 33. Kf2 Rg8 34. b4 axb4
35. axb4 cxb4 36. Rxb4 g5 37. c5+ Kd5 38. Rb7 gxf4 39. Rd7+ Ke5 40. Re1+ Kf6 41.
Rxd4 Nh5 42. Rd6 Rg3 43. Rxc6 f3 44. Re3 Rxg2+ 45. Kxf3 Rc2 46. Re4 Ng3 47. Rxh4
Nf5 48. Rf4 Ke5 49. Re4+ Kd5 50. Rc7 Rh2 51. Rxf7 Rxh3+ 52. Kf4 Kxc5 53. Rxe6
Nd6 54. Rc7+ Kd5 55. Re3 Rh4+ 56. Kf3 Rh3+ 57. Kf2 Rh2+ 58. Ke1 Kd4 59. Rf3 Nb5
60. Rc4+ Ke5 61. Rc5+ 1-0

[Event "25th Czech Rapid G1 2014"]
[Site "Pardubice CZE"]
[Date "2014.07.17"]
[Round "5.28"]
[White "Lalic, Bogdan"]
[Black "Shevchenko, Kirill"]
[Result "1-0"]
[WhiteTitle "GM"]
[BlackTitle "CM"]
[WhiteElo "2482"]
[BlackElo "2100"]
[WhiteFideId "409081"]
[BlackFideId "14129574"]
[EventDate "2014.07.16"]

1. c4 Nf6 2. Nc3 g6 3. e4 d6 4. d4 Bg7 5. Nf3 O-O 6. Be2 e5 7. Be3 exd4 8. Nxd4
c6 9. Qd2 Re8 10. f3 d5 11. exd5 cxd5 12. c5 Nc6 13. Bf2 a6 14. O-O Bd7 15. Rfd1
Qa5 16. a3 Rad8 17. b4 Qc7 18. Bf1 Nh5 19. Nxd5 Qb8 20. Bc4 Be6 21. Qa2 Nxd4 22.
Bxd4 Bxd4+ 23. Rxd4 Kh8 24. Rad1 Ng7 25. g4 Qe5 26. Qf2 h5 27. Re1 Qb8 28. Nf6
Rxd4 29. Qxd4 Rd8 30. Qe3 Nf5 31. gxf5 Kg7 32. fxe6 Kxf6 33. exf7 Kg7 34. Qe5+ 1-0

[Event "25th Czech Rapid G1 2014"]
[Site "Pardubice CZE"]
[Date "2014.07.17"]
[Round "5.29"]
[White "Cerveny, Martin"]
[Black "Vokoun, Jan"]
[Result "1-0"]
[WhiteTitle "FM"]
[BlackTitle "FM"]
[WhiteElo "2375"]
[BlackElo "2195"]
[WhiteFideId "321141"]
[BlackFideId "301647"]
[EventDate "2014.07.16"]

1. d4 Nf6 2. c4 g6 3. Nc3 d5 4. cxd5 Nxd5 5. e4 Nxc3 6. bxc3 Bg7 7. Nf3 c5 8.
Rb1 O-O 9. Be2 Nc6 10. d5 Bxc3+ 11. Bd2 Bxd2+ 12. Qxd2 Nd4 13. Nxd4 cxd4 14.
Qxd4 Qa5+ 15. Qd2 Qa4 16. Rb4 Qa5 17. Rc4 Qb6 18. O-O Bd7 19. Rfc1 Rac8 20. e5
Rxc4 21. Bxc4 Rd8 22. h3 a6 23. Bb3 Bc6 24. Qg5 Bxd5 25. Bxd5 Rxd5 26. Qxe7 Kg7
27. Rc8 Kh6 28. Qxf7 Qd4 29. Qf8+ Kh5 30. g4+ Kg5 31. Qf6+ Kh6 32. Rg8 Rxe5 33.
Qh4+ Rh5 34. g5# 1-0

[Event "25th Czech Rapid G1 2014"]
[Site "Pardubice CZE"]
[Date "2014.07.17"]
[Round "5.30"]
[White "Petuchov, Sergej"]
[Black "Krapivin, Vladislav"]
[Result "0-1"]
[BlackTitle "IM"]
[WhiteElo "2119"]
[BlackElo "2321"]
[WhiteFideId "309567"]
[BlackFideId "4126149"]
[EventDate "2014.07.16"]

1. e4 d6 2. d4 Nf6 3. Nc3 e5 4. Nf3 Nbd7 5. Bc4 Be7 6. Qe2 O-O 7. O-O c6 8. a4
a5 9. Rd1 Qe8 10. Be3 Bd8 11. d5 c5 12. Bb5 Be7 13. Nd2 Qd8 14. Nc4 Ne8 15. f4
exf4 16. Bxf4 f6 17. Rd3 Ne5 18. Rg3 g6 19. Bh6 Ng7 20. Rf1 Kh8 21. Nxe5 fxe5
22. Rxf8+ Bxf8 23. Rf3 Kg8 24. Qf1 Be7 25. h3 Nh5 26. g4 Nf4 27. Bxf4 exf4 28.
Rxf4 Bg5 29. Rf3 Qe7 30. Qe2 Bf6 31. Nd1 Be5 32. c3 h5 33. gxh5 Qg5+ 34. Qg2
Qxh5 35. Be2 Qh6 36. Ne3 Kh8 37. Ng4 Bxg4 38. hxg4 Kg7 39. g5 Qh4 40. Rh3 Qe1+
41. Qf1 Qd2 42. Rf3 Qxg5+ 43. Qg2 Qxg2+ 44. Kxg2 g5 45. Rf5 Kg6 46. Bg4 Rh8 47.
Rf2 Bf4 48. Kf3 Rh1 49. b4 b6 50. bxa5 bxa5 51. Ke2 c4 52. Bd7 Rc1 53. Rf3 Rc2+
54. Kd1 Rc1+ 55. Ke2 Kf6 56. Bb5 Ke5 57. Bxc4 g4 58. Rd3 Kxe4 59. Rd4+ Kf5 60.
Bd3+ Kg5 61. c4 Ra1 62. Re4 Ra2+ 63. Kf1 Be5 64. c5 Ra1+ 65. Kg2 Ra2+ 66. Be2
Kf5 67. Rxg4 Rxe2+ 68. Kf3 Rf2+ 69. Kxf2 Kxg4 70. c6 Bd4+ 71. Ke2 Bb6 72. Kd3
Kf5 73. Kc4 Ke5 74. Kb5 Bd8 75. Ka6 Kxd5 76. Kb7 Kc5 0-1

[Event "25th Czech Rapid G1 2014"]
[Site "Pardubice CZE"]
[Date "2014.07.17"]
[Round "5.31"]
[White "Nun, Jiri"]
[Black "Lebediantsev, Ruslan"]
[Result "1-0"]
[WhiteTitle "IM"]
[WhiteElo "2351"]
[BlackElo "2145"]
[WhiteFideId "300179"]
[BlackFideId "24135755"]
[EventDate "2014.07.16"]

1. e4 c5 2. Nf3 e6 3. d3 d5 4. Nbd2 Nc6 5. g3 Nf6 6. Bg2 dxe4 7. dxe4 e5 8. O-O
Bg4 9. c3 Be7 10. h3 Bh5 11. Qc2 O-O 12. Re1 Qd7 13. Nh4 Rfe8 14. a4 Rad8 15.
Bf1 h6 16. a5 a6 17. Qa4 Nh7 18. Nf5 Bf8 19. Nc4 Bd1 20. b3 Bc2 21. Nfe3 Bd3 22.
Rd1 Qe6 23. Rxd3 Rxd3 24. Bxd3 Qxh3 25. Bf1 Qh5 26. Nd5 f5 27. exf5 Qxf5 28.
Nce3 Qh5 29. Qg4 Qf7 30. Nf5 Kh8 31. Qe4 Rd8 32. Bc4 Nf6 33. Nxf6 Rd1+ 34. Kg2
Qxf6 35. Bg5 1-0